Eastern Utah Libraries Catalog: Duchesne, Heber, Roosevelt, & Vernal

Cuéntame otra vez la noche que nací / (Record no. 268071)

MARC details
000 -LEADER
fixed length control field 01409nam a2200385Ia 4500
001 - CONTROL NUMBER
control field ocm42137449
003 - CONTROL NUMBER IDENTIFIER
control field OCoLC
005 - DATE AND TIME OF LATEST TRANSACTION
control field 20200320182716.0
008 - FIXED-LENGTH DATA ELEMENTS--GENERAL INFORMATION
fixed length control field 990817s1999 nyua j 000 1 spa d
020 ## - INTERNATIONAL STANDARD BOOK NUMBER
International Standard Book Number 1880507633
020 ## - INTERNATIONAL STANDARD BOOK NUMBER
International Standard Book Number 9781880507636
020 ## - INTERNATIONAL STANDARD BOOK NUMBER
Terms of availability 15.00
035 ## - SYSTEM CONTROL NUMBER
System control number (OCoLC)42137449
040 ## - CATALOGING SOURCE
Original cataloging agency LPU
Transcribing agency LPU
Modifying agency OCL
-- OCLCQ
-- BAKER
-- BTCTA
-- JED
-- WACOL
041 1# - LANGUAGE CODE
Language code of text/sound track or separate title spa
Language code of original and/or intermediate translations of text eng
049 ## - LOCAL HOLDINGS (OCLC)
Holding library WACL
050 #4 - LIBRARY OF CONGRESS CALL NUMBER
Classification number PZ73.C878
Item number Cue 1999
082 #4 - DEWEY DECIMAL CLASSIFICATION NUMBER
Classification number 362.734
092 ## - LOCALLY ASSIGNED DEWEY CALL NUMBER (OCLC)
Classification number SPE
Item number Cur
100 1# - MAIN ENTRY--PERSONAL NAME
Personal name Curtis, Jamie Lee,
Dates associated with a name 1958-
9 (RLIN) 34925
240 10 - UNIFORM TITLE
Uniform title <a href="Tell me again about the night I was born.">Tell me again about the night I was born.</a>
Language of a work Spanish
245 10 - TITLE STATEMENT
Title Cuéntame otra vez la noche que nací /
Statement of responsibility, etc de Jamie Lee Curtis ; ilustraciones de Laura Cornell.
260 ## - PUBLICATION, DISTRIBUTION, ETC. (IMPRINT)
Place of publication, distribution, etc New York, NY :
Name of publisher, distributor, etc Lectorum,
Date of publication, distribution, etc c1999.
300 ## - PHYSICAL DESCRIPTION
Extent 1 v. (unpaged) :
Other physical details col. ill. ;
Dimensions 23 x 27 cm.
520 ## - SUMMARY, ETC.
Summary, etc A young girl asks her parents to tell her again the cherished family story of her birth and adoption.
650 #1 - SUBJECT ADDED ENTRY--TOPICAL TERM
Topical term or geographic name as entry element Adoption
Form subdivision Fiction.
9 (RLIN) 5686619
650 #1 - SUBJECT ADDED ENTRY--TOPICAL TERM
Topical term or geographic name as entry element Babies
Form subdivision Fiction.
9 (RLIN) 5688046
700 1# - ADDED ENTRY--PERSONAL NAME
Personal name Cornell, Laura,
Relator term ill.
9 (RLIN) 19375
938 ## -
-- Baker & Taylor
-- BKTY
-- 14.95
-- 11.21
-- 1880507633
-- 0003370271
-- active
938 ## -
-- Baker and Taylor
-- BTCP
-- bl 00001738
942 ## - ADDED ENTRY ELEMENTS (KOHA)
Koha item type BOOK
948 ## - LOCAL PROCESSING INFORMATION (OCLC); SERIES PART DESIGNATOR (RLIN)
Series part designator, SPT (RLIN) 08/20/2008
z (OCLC) Sirsi
994 ## -
-- 02
-- WACOL
996 ## -
-- 65150
-- 34301000768954
-- SPE
-- bk
-- wcl
-- i
-- 8
-- 15.00
-- Scholastic
-- Cur
-- 08/20/2008
-- 06/26/2019
-- 06/05/2019
Holdings
Withdrawn status Lost status Source of classification or shelving scheme Damaged status Not for loan Collection code Home library Current library Shelving location Date acquired Cost, normal purchase price Total Checkouts Total Renewals Full call number Barcode Date last seen Date checked out Cost, replacement price Price effective from Koha item type
    Dewey Decimal Classification     Spanish Children Picture Book Wasatch County Library Wasatch County Library First Floor 08/20/2008 15.00 12 4 E Cur 34301000768954 10/14/2025 07/23/2025 15.00 03/20/2020 BOOK
This project was made possible through a grant from the Institute of Museum and Library Service administered by the Utah State Library Division.

Wasatch County Library

  • 465 East 1200 South, Heber City, Utah 84032
  • Phone 435-654-1511 | Fax 435-654-6456

Hours

  • Monday - Friday 9:30 AM - 8:00 PM
  • Saturday 9:30 AM - 1:30 PM
  • Closed Sundays and Holidays